Το Αρχαιολογικό Μουσείο Ηρακλείου

Αποθηκεύτηκε σε:
Λεπτομέρειες βιβλιογραφικής εγγραφής
Κύριος συγγραφέας: Δημοπούλου, Νώτα
Μορφή: Βιβλίο
Γλώσσα:Greek
Δημοσίευση: Αθήνα : Ίδρυμα Ι.Σ. Λάτση, 2005.
Θέματα:
Ετικέτες: Προσθήκη ετικέτας
Δεν υπάρχουν, Καταχωρήστε ετικέτα πρώτοι!

MARC

LEADER 00000cam a2200000 i 4500
001 1/28381
008 060419s2005 gr | ||| |||| ||gre||
020 |a 9608674379 
035 |l 10083639 
040 |a GR-MyUa  |b gre  |e AACR2  
041 0 |a gre 
082 7 |a 708.94959   |2 (22) 
100 1 |a Δημοπούλου, Νώτα. 
245 1 3 |a Το Αρχαιολογικό Μουσείο Ηρακλείου /   |c Νώτα Δημοπούλου-Ρεθεμιωτάκη.  
260 |a Αθήνα :   |b Ίδρυμα Ι.Σ. Λάτση,   |c 2005.  
300 |a 409 σ. :   |b έγχρ. εικ. ;   |c 35 εκ.  
504 |a Βιβλιογραφία: σ. 408.  
610 2 0 |a Αρχαιολογικό Μουσείο Ηρακλείου. 
650 0 |a Archaeological museums and collections  |z Greece  |z Erakleion. 
852 |a INST  |b SYROS  |e 20060419  |h 708.94959 ΔΗΜ  |p 005500004878  |q 005500004878  |t BK  |y 0 
901 |a BIBL5-2006-1 
970 |a Καγιαβά  |b Ειρήνη  |z 19/04/2006